Comparative chordate anatomy : (Record no. 73031)
[ view plain ]
| 000 -LEADER | |
|---|---|
| fixed length control field | 00723nam a2200229 a 4500 |
| 001 - CONTROL NUMBER | |
| control field | 73031 |
| 003 - CONTROL NUMBER IDENTIFIER | |
| rucl marc code | BD-RjUL |
| 005 - DATE AND TIME OF LATEST TRANSACTION | |
| control field | 20211209082336.0 |
| 008 - FIXED-LENGTH DATA ELEMENTS--GENERAL INFORMATION | |
| fixed length control field | 170527s1962 nyua 000 0 eng |
| 035 ## - SYSTEM CONTROL NUMBER | |
| System control number | (BD-RjUL)73249 |
| 040 ## - CATALOGING SOURCE | |
| Original cataloging agency | DLC |
| Transcribing agency | OC |
| Modifying agency | DLC |
| -- | BD-RjUL |
| Language of cataloging | eng |
| 041 ## - LANGUAGE CODE | |
| Language code of text/sound track or separate title | eng |
| 082 ## - DEWEY DECIMAL CLASSIFICATION NUMBER | |
| Edition number | 23 |
| Classification number | 596.078 |
| Author mark and year | ULC 1962 |
| 100 1# - MAIN ENTRY--PERSONAL NAME | |
| Personal name | Ulmer, Martin J |
| Dates associated with a name | 1900- |
| 9 (RLIN) | 215998 |
| 245 10 - TITLE STATEMENT | |
| Title | Comparative chordate anatomy : |
| Remainder of title | a laboratory manual |
| Statement of responsibility, etc. | Martin J Ulmer; Robert E Haupt; Ellis A Hicks |
| 260 ## - PUBLICATION, DISTRIBUTION, ETC. (IMPRINT) | |
| Place of publication, distribution, etc. | New York : |
| Name of publisher, distributor, etc. | Harper & Brothers, |
| Date of publication, distribution, etc. | 1962 |
| 300 ## - PHYSICAL DESCRIPTION | |
| Pagination | 268 p. : |
| Illustrations | ill. ; |
| Size | 32 cm. |
| 650 #0 - SUBJECT ADDED ENTRY--TOPICAL TERM | |
| Topical term or geographic name as entry element | Chordata. |
| General subdivision | Laboratory manual |
| 9 (RLIN) | 215999 |
| 700 ## - ADDED ENTRY--PERSONAL NAME | |
| Personal name | Haupt, Robert E |
| Personal name | Hicks, Ellis A |
| 942 ## - ADDED ENTRY ELEMENTS (KOHA) | |
| Source of classification or shelving scheme | Dewey Decimal Classification |
| Koha item type | Books |
| Lost status | Source of classification or shelving scheme | Damaged status | Not for loan | Collection code | Permanent Location | Current Location | Shelving location | Date acquired | Source of acquisition | Cost, normal purchase price | Total Checkouts | Full call number | Date last seen | Copy number | Koha item type |
|---|---|---|---|---|---|---|---|---|---|---|---|---|---|---|---|
| Dewey Decimal Classification | Not For Loan | Non-fiction | Central Library, University of Rajshahi | Central Library, University of Rajshahi | Reading Room | 09/02/1991 | N/A | 0.00 | 596.078 ULC 1962 | 27/05/2017 | C-1 | Books |